Statistics for Name the AFL Player (Australia) - Sport

Click here to take the quiz!

General Stats

  • This quiz has been taken 55 times
  • The average score is 27 of 30

Answer Stats

Answer% Correct
Gary Ablett Jr
98%
Joel Selwood
98%
Lance "Buddy" Franklin
98%
Christian Petracca
96%
Dustin Martin
96%
Marcus Bontempelli
96%
Patrick Dangerfield
96%
Taylor Walker
96%
Josh Kennedy
94%
Max Gawn
94%
Ollie Wines
94%
Patrick Cripps
94%
Scott Pendlebury
94%
Brodie Grundy
92%
Clayton Oliver
92%
Toby Greene
92%
Adam Treloar
90%
Isaac Heeney
90%
Lachie Neale
90%
Nat Fyfe
90%
Chad Wingard
88%
Nic Naitanui
88%
Tom Lynch
88%
Touk Miller
88%
Stephen Coniglio
85%
Zach Merrett
85%
Jack Steele
81%
Jeremy McGovern
79%
Rory Laird
73%
Jy Simpkin
63%

Score Distribution

Percentile by Number Answered

Percent of People with Each Score

Your Score History

You have not taken this quiz